Vista normal
Vista MARC
Entrada Materia (personas)
Número de registros utilizados en: 2
001 - CONTROL NUMBER
- control field: 70061
003 - CONTROL NUMBER IDENTIFIER
- control field: Co-BoUCM
005 - DATE AND TIME OF LATEST TRANSACTION
- control field: 20150717100553.0
008 - FIXED-LENGTH DATA ELEMENTS
- fixed length control field: 150717|| aca||aabn | a|a d
040 ## - CATALOGING SOURCE
- Original cataloging agency: Co-BoUCM
- Transcribing agency: Co-BoUCM
100 ## - HEADING--PERSONAL NAME
- Personal name: Janik, Allan
670 ## - SOURCE DATA FOUND
- Source citation: Work cat.: (Co-BoUCM)59181: Toulmin, Stephen Edelston 1922- 70060, An introduction to reasoning, 1984